MIMO wireless networks : (Record no. 592305)
[ view plain ]
| 000 -LEADER | |
|---|---|
| fixed length control field | 02096cam a22003497a 4500 |
| 001 - CONTROL NUMBER | |
| control field | 17746280 |
| 003 - CONTROL NUMBER IDENTIFIER | |
| control field | NUST |
| 005 - DATE AND TIME OF LATEST TRANSACTION | |
| control field | 20221115115221.0 |
| 008 - FIXED-LENGTH DATA ELEMENTS--GENERAL INFORMATION | |
| fixed length control field | 130521s2013 enka b 001 0 eng d |
| 010 ## - LIBRARY OF CONGRESS CONTROL NUMBER | |
| LC control number | 2012554293 |
| 015 ## - NATIONAL BIBLIOGRAPHY NUMBER | |
| National bibliography number | GBB264121 |
| Source | bnb |
| 020 ## - INTERNATIONAL STANDARD BOOK NUMBER | |
| International Standard Book Number | 978-93-5107-030-6 (hbk.) |
| 020 ## - INTERNATIONAL STANDARD BOOK NUMBER | |
| International Standard Book Number | 012385055X (hbk.) |
| 035 ## - SYSTEM CONTROL NUMBER | |
| System control number | (OCoLC)ocn828894097 |
| 040 ## - CATALOGING SOURCE | |
| Original cataloging agency | StDuBDS |
| Language of cataloging | eng |
| Transcribing agency | CUD |
| Modifying agency | OCLCO |
| -- | CDX |
| -- | FDA |
| -- | WAU |
| -- | DLC |
| 042 ## - AUTHENTICATION CODE | |
| Authentication code | lccopycat |
| 050 00 - LIBRARY OF CONGRESS CALL NUMBER | |
| Classification number | TK5103.4836 |
| Item number | .C58 2013 |
| 050 14 - LIBRARY OF CONGRESS CALL NUMBER | |
| Classification number | TK5103.2 |
| Item number | .O37 2013 |
| 082 04 - DEWEY DECIMAL CLASSIFICATION NUMBER | |
| Classification number | 621.384, CLE |
| Edition number | 23 |
| 100 1# - MAIN ENTRY--PERSONAL NAME | |
| Personal name | Clerckx, Bruno. |
| 9 (RLIN) | 102614 |
| 245 10 - TITLE STATEMENT | |
| Title | MIMO wireless networks : |
| Remainder of title | channels, techniques and standards for multi-antenna, multi-user and multi-cell systems. |
| 250 ## - EDITION STATEMENT | |
| Edition statement | 2nd ed. / |
| Remainder of edition statement | Bruno Clerckx and Claude Oestges. |
| 260 ## - PUBLICATION, DISTRIBUTION, ETC. | |
| Place of publication, distribution, etc. | Oxford ; |
| -- | Waltham , MA : |
| Name of publisher, distributor, etc. | Academic Press, |
| Date of publication, distribution, etc. | 2013. |
| 300 ## - PHYSICAL DESCRIPTION | |
| Extent | xxxviii, 733 p. : |
| Other physical details | ill. ; |
| Dimensions | 25 cm. |
| 505 0# - FORMATTED CONTENTS NOTE | |
| Formatted contents note | Introduction to multi-antenna communications (Page-1), From multi-dimensional propagation to multi-link MIMO channels (Page-29),Analytical MIMO channel representations for system design (Page-59),Physical MIMO channel models for performance simulation (Page-101),Capacity of single-link MIMO channels (Page-125),Space-time coding over I.I.D. Rayleigh flat fading channels (Page-173),MIMO receiver design : detection and channel estimation (Page-237),Error probability in real-world MIMO channels (Page-263),Space-time coding over real-world MIMO channels with no transmit channel knowledge (Page-295),Space-time coding with partial transmit channel knowledge (Page-335),Space-time coding for frequency selective channels (Page-385),Multi-user MIMO (Page-419),Multi-cell MIMO (Page-525), MIMO in LTE, LTE-advanced and WiMAX (Page-597),MIMO-OFDMA system level evaluation (Page-937). |
| 650 #0 - SUBJECT ADDED ENTRY--TOPICAL TERM | |
| Topical term or geographic name entry element | MIMO systems. |
| 9 (RLIN) | 97438 |
| 700 1# - ADDED ENTRY--PERSONAL NAME | |
| Personal name | Oestges, Claude. |
| 9 (RLIN) | 102615 |
| 700 1# - ADDED ENTRY--PERSONAL NAME | |
| Personal name | Oestges, Claude. |
| Title of a work | MIMO wireless communications. |
| Date of a work | 2007. |
| 9 (RLIN) | 102616 |
| 906 ## - LOCAL DATA ELEMENT F, LDF (RLIN) | |
| a | 7 |
| b | cbc |
| c | copycat |
| d | 2 |
| e | ncip |
| f | 20 |
| g | y-gencatlg |
| 942 ## - ADDED ENTRY ELEMENTS (KOHA) | |
| Source of classification or shelving scheme | |
| Koha item type | Book |
| Withdrawn status | Lost status | Source of classification or shelving scheme | Damaged status | Not for loan | Permanent Location | Current Location | Shelving location | Date acquired | Full call number | Barcode | Date last seen | Price effective from | Koha item type | Public note |
|---|---|---|---|---|---|---|---|---|---|---|---|---|---|---|
| Military College of Signals (MCS) | Military College of Signals (MCS) | General Stacks | 11/15/2022 | 621.384,CLE | MCS38137 | 11/15/2022 | 11/15/2022 | Book | Almirah Fresh No.45, Shelf No.4 |
